| 000 | 00743nam a2200241 a 4500 | ||
|---|---|---|---|
| 001 | BRCA_7633 | ||
| 005 | 20190320205924.0 | ||
| 008 | 090713s19uu----fr-a######---#000-0#fre-# | ||
| 041 | _afre | ||
| 044 | _afr | ||
| 050 | 4 |
_aN2450 _b.G44 1900 |
|
| 100 | 1 |
_aGeffroy, Gustave _918830 |
|
| 245 | 1 | 0 |
_aLa Hollande _bAmsterdam, Alkmaar, Haarlem, Leyde, La Haye, Rotterdam, Dordretch, Utretch _cGustave Geffroy ; couverture de Rene Binet. |
| 260 |
_aParís _bNilsson _c[19--?] |
||
| 300 |
_aiv, 159 p. _bil., 165 láminas _c27 cm. |
||
| 440 | 0 |
_aLes Musées d´Europe _918831 |
|
| 500 | _aT48 | ||
| 650 | 1 | 4 |
_aGalerías y museos _zHolanda _97615 |
| 650 | 1 | 4 |
_aArte _zHolanda _918832 |
| 700 | 1 |
_aBinet, Rene _918833 |
|
| 902 | _aGFM | ||
| 942 |
_2lcc _cB |
||
| 999 |
_c7307 _d7307 |
||